[Event "AUTO-OPEN-3175"]
[Site "http://www.queenalice.com/game.php?id=1273154"]
[Date "2014.4.14"]
[Round "2"]
[White "schwam"]
[Black "lincolnalberto"]
[Result "1-0"]
[WhiteElo "2120"]
[BlackElo "1651"]

1. e4 d5 2. exd5 Qxd5 3. Nc3 Qe5+ 4. Qe2 Nc6 5. Nf3 Qf5 6. d3 Nb4 7. Nd4 Qc5 8.
Be3 a5 9. a3 Nd5 10. Nxd5 Qxd5 11. c4 Qe5 12. Qd2 Nf6 13. Nb5 b6 14. f4 Ne4 15.
dxe4 Ba6 16. fxe5 e6 17. Nxc7+ 1-0

[Event "AUTO-OPEN-3175"]
[Site "http://www.queenalice.com/game.php?id=1273159"]
[Date "2014.4.14"]
[Round "2"]
[White "schwam"]
[Black "jupar"]
[Result "1-0"]
[WhiteElo "2129"]
[BlackElo "1976"]

1. e4 e5 2. d4 exd4 3. c3 dxc3 4. Bc4 Nc6 5. Qf3 Qf6 6. Nxc3 Bb4 7. Qg3 Bxc3+ 8.
bxc3 d6 9. Ne2 Nge7 10. O-O O-O 11. Bg5 Qg6 12. Qh4 Re8 13. Nf4 Qxe4 14. Bd3 Nf5
15. Bxe4 Nxh4 16. Bxc6 bxc6 17. Bxh4 a5 18. Rfe1 Bf5 19. f3 h6 20. g4 Bh7 21.
Bf2 Rab8 22. Ba7 Rb2 23. Rxe8# 1-0

[Event "AUTO-OPEN-3175"]
[Site "http://www.queenalice.com/game.php?id=1273160"]
[Date "2014.4.14"]
[Round "2"]
[White "jupar"]
[Black "schwam"]
[Result "0-1"]
[WhiteElo "1918"]
[BlackElo "2122"]

1. d4 Nf6 2. c4 d5 3. Nc3 e6 4. Bg5 Be7 5. Bxf6 Bxf6 6. e3 O-O 7. Nf3 c5 8. Be2
cxd4 9. exd4 dxc4 10. Bxc4 Nc6 11. d5 exd5 12. Bxd5 Re8+ 13. Kf1 Bf5 14. Bxc6
bxc6 15. g3 Bh3+ 16. Kg1 Qxd1+ 17. Rxd1 Rab8 18. Na4 Re2 19. b3 Rd8 20. Ra1 Bxa1
0-1

[Event "AUTO-OPEN-3175"]
[Site "http://www.queenalice.com/game.php?id=1290862"]
[Date "2014.6.27"]
[Round "3"]
[White "duschgel"]
[Black "schwam"]
[Result "1/2-1/2"]
[WhiteElo "2087"]
[BlackElo "2175"]

1. c4 c5 2. g3 g6 3. Bg2 Bg7 4. Nc3 Nc6 5. Nf3 e5 6. d3 d6 7. O-O Nge7 8. Be3
O-O 9. Qd2 Nf5 10. Nd5 Be6 11. Ng5 Nxe3 12. Qxe3 Nd4 13. Qd2 Nxe2+ 14. Qxe2 Qxg5
15. Nc7 Rab8 16. Nxe6 fxe6 17. Rab1 b6 18. b4 Qe7 19. Bh3 cxb4 20. Rxb4 Rf7 21.
Qg4 Re8 22. a4 Qc7 23. Qe4 Bh6 24. d4 Bd2 25. Rbb1 Qxc4 26. Rfd1 Bc3 27. Bf1 Qa2
28. dxe5 Qxf2+ 29. Kh1 Bxe5 30. Bc4 d5 31. Qxe5 dxc4 32. Rf1 Qc2 33. Rbe1 Rxf1+
34. Rxf1 Qxa4 35. Qc7 Rf8 36. Rxf8+ Kxf8 37. Qxh7 Qd1+ 38. Kg2 Qd5+ 39. Kg1 Qd4+
40. Kg2 1/2-1/2

[Event "AUTO-OPEN-3175"]
[Site "http://www.queenalice.com/game.php?id=1290863"]
[Date "2014.6.27"]
[Round "3"]
[White "schwam"]
[Black "duschgel"]
[Result "1-0"]
[WhiteElo "2165"]
[BlackElo "2102"]

1. d3 c5 2. e4 Nc6 3. f4 d5 4. exd5 Qxd5 5. Nf3 Bg4 6. Be2 e6 7. O-O Nf6 8. Nc3
Qd8 9. h3 Bh5 10. g4 Bg6 11. Ne5 Qd4+ 12. Kg2 Nxe5 13. fxe5 Qxe5 14. Bf4 Qd4 15.
Nb5 Qd7 16. Nc7+ Ke7 17. Nxa8 Nd5 18. c4 Nxf4+ 19. Rxf4 Qc8 20. d4 Qxa8 21. dxc5
Ke8 22. Qd4 b6+ 23. Bf3 bxc5 24. Qd1 Qb8 25. Bc6+ Ke7 26. Qd7# 1-0

[Event "Amigos do Face"]
[Site "http://www.queenalice.com/game.php?id=1302969"]
[Date "2014.8.20"]
[Round "4"]
[White "ATeixeira"]
[Black "schwam"]
[Result "0-1"]
[WhiteElo "2151"]
[BlackElo "2153"]

1. e4 c6 2. d4 d5 3. Nc3 dxe4 4. Nxe4 Bf5 5. Ng3 Bg6 6. Nf3 Nf6 7. h4 h6 8. Ne5
Bh7 9. Bc4 e6 10. Qe2 Nd5 11. Bd2 Nd7 12. Bxd5 cxd5 13. Nd3 Bd6 14. f4 O-O 15.
O-O-O Rc8 16. Kb1 Qb6 17. Qe3 Nf6 18. c3 Ng4 19. Qf3 Bxd3+ 20. Qxd3 Nf2 21. Qc2
Rc6 22. Rdf1 Nxh1 23. Nxh1 Rfc8 24. Ka1 Qxd4 0-1

[Event "AUTO-OPEN-3168"]
[Site "http://www.queenalice.com/game.php?id=1305471"]
[Date "2014.9.1"]
[Round "2"]
[White "schwam"]
[Black "ChessColossos"]
[Result "1-0"]
[WhiteElo "2152"]
[BlackElo "910"]

1. e4 e5 2. Nf3 Nf6 3. Nc3 Bb4 4. a3 Bxc3 5. bxc3 O-O 6. d4 Nxe4 7. Bb2 exd4 8.
cxd4 Re8 9. Be2 d5 10. O-O Bg4 11. Re1 Nd7 12. c4 c6 13. h3 Bxf3 14. Bxf3 Nb6
15. Bxe4 Rxe4 16. Rxe4 dxe4 17. Qb3 Qe7 18. a4 Nc8 19. Qg3 Qd6 20. Qg4 Qg6 21.
Qd7 Rb8 22. Qe8# 1-0

[Event "AUTO-OPEN-3168"]
[Site "http://www.queenalice.com/game.php?id=1305472"]
[Date "2014.9.1"]
[Round "2"]
[White "ChessColossos"]
[Black "schwam"]
[Result "0-1"]
[WhiteElo "912"]
[BlackElo "2151"]

1. e4 c6 2. d4 d5 3. e5 Bf5 4. Nc3 e6 5. Bd3 Bxd3 6. cxd3 Bb4 7. Qg4 g6 8. Ne2
h5 9. Qf3 Ne7 10. Qf6 O-O 11. Bh6 Nf5 12. Bxf8 Qxf6 13. exf6 Kxf8 14. h3 Nd7 15.
g4 Nh4 16. f4 Nxf6 17. g5 Nd7 18. O-O Nf5 0-1

[Event "AUTO-OPEN-3168"]
[Site "http://www.queenalice.com/game.php?id=1322832"]
[Date "2014.11.17"]
[Round "3"]
[White "SportRecife"]
[Black "schwam"]
[Result "1-0"]
[WhiteElo "2110"]
[BlackElo "2172"]

1. e4 c6 2. d4 d5 3. e5 Bf5 4. Nf3 e6 5. c3 Nd7 6. Be3 c5 7. Nbd2 Ne7 8. Bb5 Nc6
9. O-O c4 10. b3 cxb3 11. axb3 1-0

[Event "AUTO-OPEN-3168"]
[Site "http://www.queenalice.com/game.php?id=1322833"]
[Date "2014.11.17"]
[Round "3"]
[White "schwam"]
[Black "SportRecife"]
[Result "0-1"]
[WhiteElo "2158"]
[BlackElo "2124"]

1. e4 e5 2. Nf3 Nc6 3. Bc4 d6 4. d3 h6 5. h3 Nf6 6. Nc3 Be7 7. Be3 Bd7 8. Qd2 a6
9. a3 b5 10. Ba2 O-O 11. O-O Qc8 0-1

[Event "AUTO-OPEN-4052"]
[Site "http://www.queenalice.com/game.php?id=1569065"]
[Date "2019.4.28"]
[Round "1"]
[White "Magogue"]
[Black "schwam"]
[Result "1-0"]
[WhiteElo "1802"]
[BlackElo "2122"]

1. e4 c6 2. d4 d5 3. Nc3 g6 4. Nf3 Bg7 5. h3 Nh6 6. Bf4 f6 7. Qd2 Nf7 8. exd5
cxd5 9. Nb5 Nd6 10. Nxd6+ exd6 11. Qe2+ Qe7 12. Bxd6 Qxe2+ 13. Bxe2 Bf5 14.
O-O-O Nc6 15. Bb5 Kd7 16. Ba3 Be4 17. Rhe1 Rhe8 18. Bb4 a6 19. Bxc6+ bxc6 20.
Rg1 Bh6+ 21. Bd2 Bg7 22. Ne1 Rab8 23. f3 Bf5 24. g4 Be6 25. Bf4 Rb7 26. Nd3 Bf7
27. Nc5+ Kc8 28. Nxb7 Kxb7 29. Rge1 Rd8 30. Re7+ 1-0

[Event "AUTO-OPEN-4052"]
[Site "http://www.queenalice.com/game.php?id=1569066"]
[Date "2019.4.28"]
[Round "1"]
[White "schwam"]
[Black "Magogue"]
[Result "0-1"]
[WhiteElo "2145"]
[BlackElo "1755"]

1. e4 e5 2. Nf3 Nc6 3. Bc4 Nf6 4. d4 exd4 5. O-O Bc5 6. e5 d5 7. exf6 dxc4 8.
fxg7 Rg8 9. Bh6 Bg4 10. Re1+ Ne7 11. Nbd2 Bxf3 12. Nxf3 Qd6 13. Ne5 Qxh6 14. Qg4
Rd8 15. Rad1 Qxg7 16. Qxg7 Rxg7 17. Nxc4 Kf8 18. a3 Nf5 19. b4 Bb6 20. Nxb6 cxb6
21. f3 Nh4 22. Rd2 Nxf3+ 23. Kf1 Nxd2+ 24. Ke2 Ne4 25. Kd3 Nf6 26. g3 Ng4 27. h3
Nf2+ 0-1

[Event "AUTO-OPEN-4052"]
[Site "http://www.queenalice.com/game.php?id=1569087"]
[Date "2019.4.28"]
[Round "1"]
[White "schwam"]
[Black "NickThorp"]
[Result "0-1"]
[WhiteElo "2042"]
[BlackElo "1698"]

1. e4 e5 2. c3 Nf6 3. d3 h6 4. Nf3 d6 5. Be2 Bg4 6. O-O Nc6 7. Be3 Be7 8. h3 Be6
9. b4 a6 10. a4 b5 11. a5 O-O 12. Qd2 d5 13. Bxh6 gxh6 14. Qxh6 Nh7 15. Nh2 d4
16. f4 dxc3 17. Rf3 Kh8 18. f5 Bb3 19. Rg3 Rg8 20. Rxg8+ Qxg8 21. Nxc3 Nd4 22.
Ng4 Bg5 23. Qh5 Nxe2+ 24. Nxe2 Rd8 25. Nf6 Bxf6 26. Rc1 Rc8 27. Rc6 Bc2 0-1

[Event "AUTO-OPEN-4052"]
[Site "http://www.queenalice.com/game.php?id=1569088"]
[Date "2019.4.28"]
[Round "1"]
[White "NickThorp"]
[Black "schwam"]
[Result "1-0"]
[WhiteElo "1668"]
[BlackElo "2072"]

1. e4 c6 2. d4 d5 3. e5 Bf5 4. Bd3 Bxd3 5. Qxd3 e6 6. Nc3 Bb4 7. Bd2 Ne7 8. Nf3
O-O 9. a3 Ba5 10. b4 Bb6 11. O-O Ng6 12. Bg5 Qc7 13. a4 a5 14. b5 cxb5 15. axb5
h6 16. Be3 Nd7 17. Ra4 Ne7 18. h3 Nf5 19. Re1 Rac8 20. Bd2 Rfe8 21. Be3 Qxc3 22.
Qxc3 Rxc3 23. Re2 Rec8 24. Ra2 Nxe3 25. Rxe3 Rxc2 26. Ra1 Bd8 27. Ne1 1-0

[Event "AUTO-OPEN-4052"]
[Site "http://www.queenalice.com/game.php?id=1569089"]
[Date "2019.4.28"]
[Round "1"]
[White "schwam"]
[Black "speedmaxL"]
[Result "0-1"]
[WhiteElo "1969"]
[BlackElo "2430"]

1. e4 c5 2. b3 g6 3. Bb2 Nf6 4. Nc3 Bg7 5. Nf3 Nc6 6. Be2 Nxe4 7. O-O O-O 8. Bc4
d6 9. Re1 Nf6 10. Ng5 e6 11. Rb1 a5 12. a4 Bd7 13. Nb5 d5 14. Bd3 d4 15. Ba3 Nb4
16. Bxb4 axb4 17. Ne4 Nxe4 18. Bxe4 Bc6 19. Bd3 Qg5 20. f3 Be5 21. Re4 h5 22.
Bc4 Bxe4 0-1

[Event "AUTO-OPEN-4052"]
[Site "http://www.queenalice.com/game.php?id=1569090"]
[Date "2019.4.28"]
[Round "1"]
[White "speedmaxL"]
[Black "schwam"]
[Result "1-0"]
[WhiteElo "2431"]
[BlackElo "1967"]

1. Nf3 c5 2. c4 g6 3. d4 Bg7 4. e4 Qa5+ 5. Nc3 Nc6 6. d5 Bxc3+ 7. bxc3 Nd4 8.
Bd2 Nxf3+ 9. Qxf3 d6 10. Bd3 Nf6 11. Qe2 Bd7 12. O-O O-O-O 13. f4 Bg4 14. Qe3
Nh5 15. f5 gxf5 16. exf5 Rde8 17. Qf2 Nf6 18. Rab1 h5 19. h3 Bxh3 20. gxh3 Qc7
21. Rb2 Rhg8+ 22. Kh2 1-0

[Event "AUTO-MASTER-2841"]
[Site "http://www.queenalice.com/game.php?id=1569186"]
[Date "2019.4.29"]
[Round "1"]
[White "uschmidi"]
[Black "schwam"]
[Result "1-0"]
[WhiteElo "2032"]
[BlackElo "1996"]

1. e4 c6 2. Bc4 d5 3. exd5 cxd5 4. Bb3 e6 5. d4 Nf6 6. Nf3 Bd6 7. O-O O-O 8. Bg5
Nc6 9. c3 h6 10. Bh4 b6 11. Nbd2 Ba6 12. Re1 g5 13. Bg3 Bxg3 14. fxg3 Ng4 15. h3
Ne3 16. Rxe3 Qc7 17. Ne5 Nxe5 18. Rxe5 Bd3 19. Nf3 Be4 20. Bc2 Bxc2 21. Qxc2
Rac8 22. Qe2 Qd7 23. Nh2 Kg7 24. Ng4 a5 25. Rf1 Rc7 26. Nf6 Qd8 27. Nh5+ Kg6 28.
Rf6+ Kh7 29. Qd3+ Kg8 30. Rxh6 1-0

[Event "AUTO-MASTER-2841"]
[Site "http://www.queenalice.com/game.php?id=1569187"]
[Date "2019.4.29"]
[Round "1"]
[White "schwam"]
[Black "uschmidi"]
[Result "0-1"]
[WhiteElo "2012"]
[BlackElo "2020"]

1. Nf3 d5 2. g3 f5 3. Bg2 e6 4. O-O Nf6 5. d3 Bc5 6. Nc3 O-O 7. Bg5 Nbd7 8. a3
Qe8 9. b4 Bb6 10. Qd2 Ng4 11. a4 a5 12. b5 c6 13. Nh4 h6 14. Be3 Nxe3 15. fxe3
d4 16. exd4 Bxd4+ 17. Kh1 Nf6 18. bxc6 bxc6 19. Rab1 Ng4 20. Nd1 Bd7 21. c3 Bf6
22. Nf2 Bg5 23. Qa2 Ne3 24. Rfe1 Bxh4 25. gxh4 Qh5 26. Bxc6 Bxc6+ 27. Kg1 Qg6+
0-1

[Event "AUTO-MASTER-2841"]
[Site "http://www.queenalice.com/game.php?id=1569200"]
[Date "2019.4.29"]
[Round "1"]
[White "schwam"]
[Black "Canaye"]
[Result "0-1"]
[WhiteElo "2102"]
[BlackElo "1751"]

1. Nf3 e6 2. g3 d5 3. Bg2 c5 4. d3 Nc6 5. O-O Bd6 6. Nc3 a6 7. Bg5 Qc7 8. e3
Nge7 9. e4 h6 10. Bd2 O-O 11. Re1 Ng6 12. Qc1 d4 13. Ne2 b5 14. Bxh6 gxh6 15.
Qxh6 Bf4 16. gxf4 Nh8 17. Ng5 f6 18. Nf3 Nd8 19. Nh4 Qf7 20. Ng3 Ra7 21. f5 Qg7
22. Qxg7+ Rxg7 23. Kh1 Kf7 24. c3 dxc3 25. bxc3 exf5 26. Nhxf5 Bxf5 27. exf5 Rg5
28. Ne4 Rh5 29. Nd6+ Kg7 30. Rg1 Ndf7 31. Bd5+ Kh7 32. Nxf7 Nxf7 33. Rae1 Ne5
34. Be4 a5 35. Rg2 Nf7 36. Reg1 Ng5 37. f4 Nh3 38. Rg7+ Kh8 39. R1g2 Nxf4 40.
Rg1 Nh3 41. R1g3 Nf2+ 42. Kg2 Nxe4 0-1

[Event "AUTO-MASTER-2841"]
[Site "http://www.queenalice.com/game.php?id=1569201"]
[Date "2019.4.29"]
[Round "1"]
[White "Canaye"]
[Black "schwam"]
[Result "0-1"]
[WhiteElo "1781"]
[BlackElo "2100"]

1. d4 c5 2. c4 cxd4 3. Qxd4 Nc6 4. Qd1 Nf6 5. Nc3 e6 6. Nf3 Bb4 7. Qc2 O-O 8. e3
d5 9. Be2 Ne4 10. O-O Nxc3 11. bxc3 Bd6 12. Rd1 Qc7 13. cxd5 exd5 14. Rxd5 Ne5
15. g3 Bh3 16. Nxe5 Bxe5 17. Bb2 Qc6 18. e4 Qf6 19. f4 Bxf4 20. gxf4 Qxf4 21.
Bf1 Qg4+ 22. Bg2 Rfe8 23. Kh1 Bxg2+ 24. Qxg2 Qe6 25. Rad1 h6 26. e5 Re7 27. Rd8+
Rxd8 28. Rxd8+ Kh7 29. Ba3 Rc7 30. Qc2+ g6 31. Bd6 Qd5+ 32. Kg1 Rc4 33. Re8 Rg4+
34. Kf1 Qh1+ 35. Ke2 Rg2+ 36. Kd3 Qf1+ 0-1

[Event "AUTO-MASTER-2841"]
[Site "http://www.queenalice.com/game.php?id=1569202"]
[Date "2019.4.29"]
[Round "1"]
[White "schwam"]
[Black "Gera"]
[Result "1/2-1/2"]
[WhiteElo "1964"]
[BlackElo "2080"]

1. Nf3 d5 2. g3 c5 3. Bg2 Nc6 4. O-O e5 5. d3 Nf6 6. Nbd2 Bd6 7. Nb3 O-O 8. Bg5
Be6 9. c3 h6 10. Bxf6 Qxf6 11. e3 Rfd8 12. Qc2 Rac8 13. a4 d4 14. exd4 cxd4 15.
c4 Bf5 16. Qd1 g5 17. c5 Bf8 18. Qe2 Bg4 19. h3 Be6 20. Nbd2 Bxc5 21. Rac1 Bd6
22. Ne4 Qg6 23. Nxd6 Rxd6 24. Nxe5 Qg7 25. Nc4 Bxc4 26. Rxc4 Re6 27. Qc2 a6 28.
Be4 Qf8 29. Qd1 Rd8 30. Kg2 f5 31. Qb3 Na5 32. Qa2 Nxc4 33. Qxc4 Qd6 34. Bxf5
Re8 35. Bxe6+ Qxe6 36. Qxd4 Re7 37. Rc1 Kf7 38. Qc4 Qxc4 39. dxc4 Re2 40. b3 Rd2
41. Rc3 Ke7 42. Kf3 Rd1 43. Re3+ Kf7 44. Ke4 Rd2 45. Kf3 h5 46. g4 h4 47. Kg2 b6
48. Kf3 Kf6 49. Re2 1/2-1/2

[Event "AUTO-MASTER-2841"]
[Site "http://www.queenalice.com/game.php?id=1569203"]
[Date "2019.4.29"]
[Round "1"]
[White "Gera"]
[Black "schwam"]
[Result "1-0"]
[WhiteElo "1963"]
[BlackElo "1981"]

1. e4 c6 2. d4 d5 3. exd5 cxd5 4. c4 Nf6 5. Nc3 g6 6. Bg5 Bg7 7. Qf3 O-O 8. cxd5
Bg4 9. Qg3 Bf5 10. Bc4 Nbd7 11. Bxf6 Bxf6 12. Nf3 Nb6 13. Bb3 Re8 14. O-O Bd3
15. Rfe1 a5 16. a3 Qd7 17. a4 Rac8 18. Rad1 Bf5 19. Ne5 Bxe5 20. dxe5 Kg7 21. e6
fxe6 22. dxe6 Qc7 23. f4 Qc5+ 24. Kh1 Rcd8 25. Rxd8 Rxd8 26. Re5 Qd6 27. Rxf5
Nc4 28. Rd5 Qxd5 29. Nxd5 Rxd5 30. h3 Rc5 31. Bxc4 Rxc4 32. b3 Kf6 33. Qg5+ 1-0